VRAI / FAUX Ligne 3 bis du métro parisien - Statistiques

Statistiques générales
  • Ce quiz a été pris 28 fois
  • Le résultat moyen est 9 sur 15
Statistiques - réponses
Question Réponse % Correct
La ligne 3 bis est la plus courte du réseau de Paris VRAI
100%
La station Porte des Lilas doit son nom à la présence de lilas sur le site de son implantation FAUX
82%
La ligne 3bis mesure moins de 2 kilomètres VRAI
82%
La station Porte des Lilas est desservie par deux lignes de métro VRAI
82%
Avenue Gambetta, on accède à la station Porte des Lilas par un édicule unique en son genre oeuvre de l'architecte Charles Plumet VRAI
82%
La station Pelleport est une des moins fréquentées du réseau VRAI
82%
La ligne 3bis ne compte que 4 stations VRAI
82%
La station Pelleport porte le nom d'un chimiste FAUX
73%
On accède aux quais de la station Saint-Fargeau par des escaliers ou des ascenseurs VRAI
73%
La station doit son nom à un saint évangélisateur de l'Auvergne FAUX
64%
Le chef de la station Pelleport a été arrêté et fusillé pour résistance en 1942 VRAI
55%
A l'origine la ligne 3bis était un tronçon de la ligne 3, elle en a été séparée en 1975 FAUX
27%
La station Saint-Fargeau dessert le siège de la DGSE VRAI
27%
La station Saint-Fargeau a été ouverte en 1971 FAUX
18%
La signalétique de la ligne 3 bis comporte la mention 3bis en blanc sur fond bleu clair FAUX
18%
Aucun quiz correspondant
Distribution des résultats
% des personnes avec chaque résultat
Percentile par nombre de réponses
Votre historique - résultats
Vous n’avez pas pris ce quiz